[Event "Lesa Lago Maggiore op"]
[Site "Lesa"]
[Date "2023.05.05"]
[Round "1"]
[White "Alessi, Clio"]
[Black "Rezzonico, Paolo"]
[Result "0-1"]
[WhiteElo "1464"]
[BlackElo "1882"]
[PlyCount "60"]
[EventDate "2023.05.05"]
[EventType "swiss"]
[EventRounds "5"]
[EventCountry "ITA"]
[SourceTitle "EXT 2024"]
[Source "ChessBase"]
[SourceDate "2023.10.10"]
[SourceVersion "1"]
[SourceVersionDate "2023.10.10"]
[SourceQuality "1"]

1. e4 c5 2. Nf3 Nc6 3. Bb5 e6 4. Nc3 Nge7 5. d3 Nd4 6. Bf4 a6 7. Ba4 Ng6 8. Be3 b5 9. Bb3 Nxb3 10. axb3 Bb7 11. Qd2 Be7 12. 0-0 0-0 13. Rfe1 Qc7 14. Rad1 f5 15. Bg5 Bd6 16. d4 b4 17. Na4 fxe4 18. dxc5 exf3 19. cxd6 Qa5 20. g3 Qf5 21. Qd3 Qxg5 22. Nb6 Nf4 23. Qf1 Ne2+ 24. Rxe2 fxe2 25. Qxe2 Bf3 26. Qe1 Bxd1 27. Nxa8 Bf3 28. Nb6 Bc6 29. Qf1 Qc5 30. Nc4 Qd5 0-1

[Event "Wch U10 Girls rapid"]
[Site "Rhodes"]
[Date "2022.05.01"]
[Round "3"]
[White "Alessi, Clio"]
[Black "Rzadkowska, Kaja"]
[Result "0-1"]
[WhiteElo "1410"]
[BlackElo "1244"]
[PlyCount "78"]
[EventDate "2022.05.01"]
[EventType "swiss (rapid)"]
[EventRounds "9"]
[EventCountry "GRE"]
[SourceTitle "CBM 208 Extra"]
[Source "ChessBase"]
[SourceDate "2022.07.31"]
[SourceVersion "1"]
[SourceVersionDate "2022.07.31"]
[SourceQuality "1"]

1. e4 c5 2. c3 Nf6 3. e5 Nd5 4. d4 cxd4 5. Nf3 e6 6. cxd4 Nc6 7. Be2 d6 8. 0-0 Be7 9. Nc3 0-0 10. Nxd5 exd5 11. Be3 b6 12. Bb5 Bb7 13. Qa4 Nb8 14. Rac1 a6 15. Bd3 Nd7 16. Rc2 dxe5 17. Nxe5 Nxe5 18. dxe5 b5 19. Qb3 d4 20. Bxh7+ Kxh7 21. Qd3+ Kg8 22. Bxd4 Qd5 23. f3 Rfd8 24. Rd2 Bb4 25. Rdd1 Qxd4+ 26. Qxd4 Rxd4 27. Rxd4 Bc5 28. Rfd1 Rd8 29. Kf1 Rxd4 30. Rxd4 Bxd4 31. f4 Bxb2 32. g3 Bd5 33. Ke1 Bxa2 34. Kd2 Be6 35. Kc2 Ba3 36. Kb1 b4 37. Kc2 b3+ 38. Kb1 b2 39. Kc2 Ba2 0-1

[Event "EU-ch Schools U09 Girls"]
[Site "Rhodes"]
[Date "2022.04.27"]
[Round "7"]
[White "Cretescu, Emma"]
[Black "Alessi, Clio"]
[Result "1-0"]
[WhiteElo "1171"]
[BlackElo "1524"]
[PlyCount "135"]
[EventDate "2022.04.21"]
[EventType "swiss"]
[EventRounds "9"]
[EventCountry "GRE"]
[SourceTitle "CBM 208 Extra"]
[Source "ChessBase"]
[SourceDate "2022.07.31"]
[SourceVersion "1"]
[SourceVersionDate "2022.07.31"]
[SourceQuality "1"]

1. d4 d5 2. e3 Bf5 3. Nf3 Nf6 4. c4 c6 5. Qb3 Qb6 6. c5 Qxb3 7. axb3 h6 8. Nc3 e6 9. b4 Nbd7 10. b5 Be7 11. bxc6 bxc6 12. Ba6 Rb8 13. 0-0 0-0 14. Be2 Ra8 15. Ra6 Rfc8 16. Bd2 Rab8 17. Rxa7 Rxb2 18. Ba6 Rcb8 19. Rc7 Bg4 20. Rd1 Bd8 21. Rxc6 Ba5 22. h3 Rxd2 23. Rxd2 Bxc3 24. hxg4 Bxd2 25. Nxd2 Nxg4 26. Rc8+ Rxc8 27. Bxc8 Ngf6 28. f3 Kf8 29. Bxd7 Nxd7 30. Kf2 Ke8 31. Ke2 Kd8 32. Kd3 Kc7 33. Kc3 Kc6 34. Kb4 e5 35. Nb3 exd4 36. Nxd4+ Kc7 37. Nf5 g6 38. Nxh6 f5 39. Ng8 Kd8 40. c6 Nb6 41. Kc5 Nc4 42. Kxd5 Nxe3+ 43. Kd6 Nc4+ 44. Kc5 Ne3 45. Kb6 Nd5+ 46. Kb7 Ke8 47. c7 Nxc7 48. Kxc7 Kf7 49. Nh6+ Kg7 50. Nxf5+ gxf5 51. Kd6 Kg6 52. Ke5 Kg5 53. f4+ Kh5 54. Kxf5 Kh6 55. Kf6 Kh7 56. Kf7 Kh8 57. f5 Kh7 58. f6 Kh8 59. Ke8 Kh7 60. f7 Kg6 61. f8Q Kg5 62. g4 Kxg4 63. Qf6 Kh5 64. Qg7 Kh4 65. Qg6 Kh3 66. Qg5 Kh2 67. Qg4 Kh1 68. Kf7 1-0